Postcolonialism and local politics in Southeast Asia/ (Record no. 2918)
[ view plain ]
| 000 -LEADER | |
|---|---|
| fixed length control field | 00626nam a22001697a 4500 |
| 008 - FIXED-LENGTH DATA ELEMENTS--GENERAL INFORMATION | |
| fixed length control field | 160531b xxu||||| |||| 00| 0 eng d |
| 082 ## - DEWEY DECIMAL CLASSIFICATION NUMBER | |
| Edition number | 2003 |
| Classification number | DFil 325.359 |
| Item number | G54p |
| 100 ## - MAIN ENTRY--PERSONAL NAME | |
| 9 (RLIN) | 9699 |
| Personal name | Goda, Toh |
| 245 ## - TITLE STATEMENT | |
| Title | Postcolonialism and local politics in Southeast Asia/ |
| Statement of responsibility, etc. | Toh Goda. |
| 260 ## - PUBLICATION, DISTRIBUTION, ETC. (IMPRINT) | |
| Place of publication, distribution, etc. | Quezon City: |
| Name of publisher, distributor, etc. | New Day, |
| Date of publication, distribution, etc. | c2003. |
| 300 ## - PHYSICAL DESCRIPTION | |
| Extent | xxv, 328 pages: |
| Other physical details | illustrations; |
| Dimensions | 23 cm. |
| 500 ## - GENERAL NOTE | |
| General note | Includes notes and bibliographical references and index.<br/> |
| 650 #0 - SUBJECT ADDED ENTRY--TOPICAL TERM | |
| 9 (RLIN) | 9700 |
| Topical term or geographic name as entry element | Postcolonialism |
| Geographic subdivision | Asia, Southeastern |
| 650 #0 - SUBJECT ADDED ENTRY--TOPICAL TERM | |
| 9 (RLIN) | 9701 |
| Topical term or geographic name as entry element | Politics and culture |
| Geographic subdivision | Asia, Southeastern |
| 365 ## - TRADE PRICE | |
| Price amount | 832.00 |
| Currency code | Php |
| 942 ## - ADDED ENTRY ELEMENTS (KOHA) | |
| Source of classification or shelving scheme | Dewey Decimal Classification |
| Koha item type | Filipiniana |
| Withdrawn status | Lost status | Source of classification or shelving scheme | Damaged status | Not for loan | Collection code | Home library | Current library | Date acquired | Source of acquisition | Total Checkouts | Full call number | Barcode | Date last seen | Price effective from | Koha item type |
|---|---|---|---|---|---|---|---|---|---|---|---|---|---|---|---|
| Dewey Decimal Classification | Filipiniana | UM Digos College - LIC | UM Digos College - LIC | 08/26/2004 | Purchased | DFil 325.359 G54p 2003 | 17539 | 05/15/2025 | 05/31/2016 | Filipiniana |
